| 000 | 008620000a22002650004500 | ||
|---|---|---|---|
| 003 | LK-CoMWRAF | ||
| 005 | 20231024110732.0 | ||
| 008 | 230817t2005 ||||| |||| 00| 0 eng d | ||
| 020 | _a9185391190 | ||
| 040 |
_aLK-CoMWRAF _dLK-CoMWRAF _eLK-CoMWRAF |
||
| 041 | _aeng | ||
| 082 |
_a324.22 _bWOM |
||
| 245 |
_aWomen in Parliament: _bBeyond Numbers |
||
| 250 | _aRevised Edition | ||
| 260 |
_aStockholm: _bInternational Institute for Democracy and Electoral Assistance, _c1998 |
||
| 300 |
_a265 p. :ill. ; 25 cm. _bBibliography included |
||
| 490 | _aInternational IDEA Handbook Series | ||
| 650 | _aWOMEN LEGISLATORS | ||
| 650 | _aWomen--Political activity | ||
| 650 | _aWomen-Political activity-Case studies | ||
| 700 |
_a Julie Ballington _eed. |
||
| 700 |
_aAzza Karam _eed. |
||
| 856 | _uhttps://www.corteidh.or.cr/tablas/23622.pdf | ||
| 942 | _cBK | ||
| 999 |
_c2093 _d2093 |
||